000 00700nam a2200241Ia 4500
001 22093
005 20260416140531.0
008 260320s9999||||xx |||||||||||||| ||und||
022 _a31197671
041 _aESP
082 _aHR 346 ENE 2026
_bPCP
110 _aGrupo Praxis
245 0 _aPraxis civil & procesal civil
260 _aLima :
_bGrupo Praxis,
_c2026
300 _a255 páginas :
_c25 cm.
505 _aNúmero 1 (2026)
650 _aCIS
653 _aDerecho - Revista
654 _aDER
700 _aMuro Rojo, Manuel,
_cdirector
856 _uhttps://zonadelsuscriptor.praxisperu.pe/biblioteca/public/viewer_v2.html?book_id=12
_zVersión digital
942 _cREV
_dJUS
_fTRC
_2ddc
999 _c22093
_d22093